MARC details
| 000 -CABECERA |
| campo de control de longitud fija |
02226cab a2200289 ab4500 |
| 005 - FECHA Y HORA DE LA ÚLTIMA TRANSACCIÓN |
| campo de control |
20241120140137.0 |
| 008 - ELEMENTOS DE LONGITUD FIJA--INFORMACIÓN GENERAL |
| campo de control de longitud fija |
991125c2017 ck fr p o 000 0 spa d |
| 035 ## - NÚMERO DE CONTROL DEL SISTEMA |
| Número de control de sistema |
UPN01000229121 |
| 040 ## - FUENTE DE LA CATALOGACIÓN |
| Centro catalogador/agencia de origen |
MX-MxUPN |
| Lengua de catalogación |
spa |
| Centro/agencia transcriptor |
MX-MxUPN |
| Normas de descripción |
aacr2 |
| 049 ## - COLECCIÓN |
| Colección |
ART-E |
| 100 1# - ASIENTO PRINCIPAL--NOMBRE PERSONAL |
| Nombre de persona |
Ayala Zuluaga, Carlos Federico |
| Enlace |
- federico.ayala@ucaldas.edu.co |
| 100 1# - ASIENTO PRINCIPAL--NOMBRE PERSONAL |
| Nombre de persona |
Tadeu Louchite, Roberto |
| 100 1# - ASIENTO PRINCIPAL--NOMBRE PERSONAL |
| Nombre de persona |
De Souza Neto, Samuel |
| 245 10 - MENCIÓN DE TÍTULO |
| Título |
Colombia, Brasil, Argentina y Chile : |
| Resto del título |
práctica educativa y orientaciones pedagógicas |
| 506 0# - NOTA DE RESTRICCIONES AL ACCESO |
| Limitaciones de acceso |
Acceso abierto |
| 520 3# - NOTA DE RESUMEN, ETC. |
| Sumario, etc. |
El presente artículo discute aspectos de la Práctica Educativa en cuatro universidades oficiales, o del estado, en: Colombia, Brasil, Argentina, y Chile y está en relación con las orientaciones pedagógicas propuestas por Feiman (1990) e Imbernon (2007). El enfoque de la investigación es cualitativo y busca comprender aspectos intrínsecos, regionales, culturales, y políticos de la práctica educativa relacionada con orientaciones pedagógicas, mediante un proceso de preanálisis fluctuante de la información, la codificación e identificación de categorías, y finalmente la descripción, categorización, inferencia e interpretación de la información recogida. En los resultados se evidencia que las orientaciones pedagógicas convergen en la acción, la reflexión, el conocimiento, el uso de las Tecnologías digitales de información y comunicación, y en el desarrollo de la identidad docente. Conclusiones principales: las orientaciones pedagógicas predominantes en la práctica educativa oficial son la académica y la tecnicista, y en las universidades son la tradicional, académica, de eficacia social, hermenéutica y la centrada en procesos. RHEL |
| 653 0# - TERMINO DE INDIZACION - NO CONTROLADO |
| Término no controlado |
Política educativa |
| 653 0# - TERMINO DE INDIZACION - NO CONTROLADO |
| Término no controlado |
Práctica educativa |
| 653 0# - TERMINO DE INDIZACION - NO CONTROLADO |
| Término no controlado |
Docentes practicantes |
| 653 0# - TERMINO DE INDIZACION - NO CONTROLADO |
| Término no controlado |
Identidad docente |
| 773 ## - ENLACE AL DOCUMENTO FUENTE/ENTRADA DE REGISTRO ANFITRIÓN |
| Título |
Revista historia de la educación latinoamericana |
| Número Internacional Normalizado para Publicaciones Seriadas |
2256-5248 |
| Parte(s) relacionada(s) |
Vol. 19, no. 29 (2017), p. 197-218 |
| 856 4# - LOCALIZACIÓN Y ACCESO ELECTRÓNICOS |
| Identificador Uniforme del Recurso |
<a href="https://revistas.uptc.edu.co/index.php/historia_educacion_latinamerican/article/view/7576">https://revistas.uptc.edu.co/index.php/historia_educacion_latinamerican/article/view/7576</a> |
| 856 4# - LOCALIZACIÓN Y ACCESO ELECTRÓNICOS |
| Identificador Uniforme del Recurso |
<a href="https://doi.org/10.19053/01227238.7576">https://doi.org/10.19053/01227238.7576</a> |
| 902 ## - ELEMENTOS DE DATOS B LOCAL, LDB (RLIN) |
| Creó |
Leonor Sotres/201124 |
| 905 ## - TIPO DE MATERIAL |
| Tipo de material |
Articulo |
| 942 ## - ELEMENTOS DE PUNTO DE ACCESO ADICIONAL (KOHA) |
| Tipo de ítem Koha |
Artículo Electrónico |